The US Without Alaska Quiz Stats

 Plays Quiz Updated Mar 17, 2013

Challenge
Share
Tweet
Embed
Score 0/10 Timer 03:00
4 Plays Today
Distinction State % Correct
Largest state by areaTexas
98.1%
Longest coastlineFlorida
91.6%
Lowest population densityWyoming
75.7%
Northernmost stateMinnesota
65.6%
Lowest recorded temperature Montana
61.7%
Shares the longest border with CanadaMichigan
52.5%
Lowest average annual temperatureNorth Dakota
49.9%
Highest mountainCalifornia
48.9%
Most volcanoes (above the ocean)Oregon
43.9%
Highest bear populationWashington
40.3%

You're not logged in!

Compare scores with friends on all Sporcle quizzes.
Join for Free
OR
Log In

You Might Also Like...

Show Comments

Extras

Top Quizzes Today


Score Distribution

Your Account Isn't Verified!

In order to create a playlist on Sporcle, you need to verify the email address you used during registration. Go to your Sporcle Settings to finish the process.

Report this User

Report this user for behavior that violates our Community Guidelines.

Details: